Score 0/11 Timer 03:00
0 Plays Today
Hint Answer % Correct
CABKBack
99.4%
SEOUHHouse
95.9%
ERVIRRiver
95.5%
REEVEver
95.3%
TINWERWinter
95%
CEAPEPeace
94.5%
ROHNSHorns
84.3%
RENLANTLantern
55.7%
NETHORHornet
52.8%
Word in common with all of the above:Green
40.4%
TENLOYSSoylent
25%
Remove Ads.
Support Sporcle.
Get the best of Sporcle when you Go Orange. This ad-free experience offers more features, more stats, and more fun while also helping to support Sporcle. Thank you for becoming a member.

You're not logged in!

Compare scores with friends on all Sporcle quizzes.
OR
Log In

Show Comments

Extras

Top Quizzes Today


Score Distribution

Your Account Isn't Verified!

In order to create a playlist on Sporcle, you need to verify the email address you used during registration. Go to your Sporcle Settings to finish the process.

Report this User

Report this user for behavior that violates our Community Guidelines.

Details: